[Event "12th EUR-ch"]
[Site "Aix-les-Bains FRA"]
[Date "2011.04.01"]
[Round "10.75"]
[White "Smirnov, Artem"]
[Black "Popov, Valerij"]
[Result "0-1"]
[WhiteElo "2425"]
[BlackElo "2565"]
[EventDate "2011.03.22"]
[PlyCount "52"]

1.c4 e6 2.Nf3 d5 3.d4 Nf6 4.g3 dxc4 5.Bg2 a6 6.O-O Nc6 7.Nc3 Rb8 8.e4 Be7 
9.Qe2 Nxd4 10.Nxd4 Qxd4 11.Rd1 Qc5 12.Be3 Qa5 13.Bd2 Qh5 14.Bf3 Qc5 15.e5 
Nd7 16.Ne4 Qb5 17.a4 Qxb2 18.Rab1 Qc2 19.Bg2 O-O 20.Qh5 f6 21.Rbc1 Qxa4 
22.Bf4 Ba3 23.Ra1 Nb6 24.Bc1 Qe8 25.Qxe8 Rxe8 26.Bxa3 fxe5 0-1

[Event "12th EUR-ch"]
[Site "Aix-les-Bains FRA"]
[Date "2011.04.01"]
[Round "10.76"]
[White "Swiercz, Dariusz"]
[Black "Caspi, Israel"]
[Result "1-0"]
[WhiteElo "2557"]
[BlackElo "2451"]
[EventDate "2011.03.22"]
[PlyCount "135"]

1.d4 Nf6 2.c4 g6 3.Nc3 Bg7 4.e4 d6 5.Nf3 O-O 6.Be2 e5 7.O-O Nc6 8.d5 Ne7 
9.Ne1 Nd7 10.Nd3 f5 11.Bd2 Nf6 12.f3 f4 13.c5 g5 14.Rc1 Ng6 15.cxd6 cxd6 
16.Nb5 Rf7 17.Qc2 Ne8 18.a4 h5 19.Nf2 Bf8 20.h3 Rg7 21.a5 Nh4 22.Nxa7 Rc7 
23.Nc6 bxc6 24.dxc6 Nf6 25.b4 Rg7 26.Qb3+ Kh8 27.Be1 d5 28.exd5 Qxd5 29.
Qxd5 Nxd5 30.b5 Nf5 31.b6 Ng3 32.Bd3 Nxf1 33.Kxf1 Rb8 34.Be4 Nxb6 35.c7 
Ba6+ 36.Kg1 Nd7 37.cxb8=Q Nxb8 38.Nd3 Bd6 39.Bb4 Bc7 40.Nc5 Bc8 41.Kh2 g4 
42.hxg4 hxg4 43.Rh1 Rf7 44.Kg1+ Kg7 45.Rh7+ Kg8 46.Rh6 gxf3 47.gxf3 Nd7 
48.Rg6+ Kh8 49.Ne6 Bb8 50.Rh6+ Kg8 51.Ng5 Rf6 52.Rh7 Bd6 53.Bc3 Nf8 54.Rh5
Bc5+ 55.Kf1 Bd4 56.Bb4 Kg7 57.Be7 Ra6 58.Bxf8+ Kxf8 59.Rh8+ Ke7 60.Rxc8 
Rxa5 61.Kg2 Ra1 62.Kh3 Rg1 63.Kh4 Kd7 64.Bf5+ Kd6 65.Kh5 Ke7 66.Rc6 Rh1+ 
67.Kg6 Rh8 68.Re6+ 1-0

[Event "12th EUR-ch"]
[Site "Aix-les-Bains FRA"]
[Date "2011.04.01"]
[Round "10.77"]
[White "Rogozenco, Dorian"]
[Black "Vernay, Clovis"]
[Result "1/2-1/2"]
[WhiteElo "2553"]
[BlackElo "2449"]
[EventDate "2011.03.22"]
[PlyCount "72"]

1.c4 e5 2.Nc3 Nf6 3.Nf3 Nc6 4.g3 d5 5.cxd5 Nxd5 6.Bg2 Nb6 7.O-O Be7 8.a3 
a5 9.d3 O-O 10.Be3 Re8 11.Rc1 Bf8 12.Bxb6 cxb6 13.Nd2 Bg4 14.h3 Be6 15.Nc4
f5 16.Kh2 Bf7 17.Ne3 f4 18.Nc4 g6 19.Qa4 Bh6 20.Rcd1 Nd4 21.e3 Nf5 22.Ne4 
Re6 23.d4 fxg3+ 24.fxg3 exd4 25.exd4 Qc7 26.Ne5 Bg7 27.Rc1 Qb8 28.Nxf7 
Rxe4 29.Nh6+ Bxh6 30.Qb3+ Kh8 31.Bxe4 Bxc1 32.Bxf5 Bh6 33.Be4 Qd6 34.Bxb7 
Rd8 35.Bf3 Qxd4 36.Rd1 Qf2+ 1/2-1/2

[Event "12th EUR-ch"]
[Site "Aix-les-Bains FRA"]
[Date "2011.04.01"]
[Round "10.78"]
[White "Cornette, Matthieu"]
[Black "Sermier, Guillaume"]
[Result "1/2-1/2"]
[WhiteElo "2548"]
[BlackElo "2428"]
[EventDate "2011.03.22"]
[PlyCount "103"]

1.d4 Nf6 2.c4 e6 3.Nc3 Bb4 4.e3 b6 5.Ne2 Ba6 6.Qa4 c5 7.a3 cxd4 8.exd4 Be7
9.Bf4 Qc8 10.Ng3 O-O 11.Rc1 d6 12.Be2 Bb7 13.d5 Qd7 14.Qd1 Na6 15.O-O Nc7 
16.Bf3 e5 17.Bg5 Rab8 18.Bxf6 Bxf6 19.Bg4 Qd8 20.Nce4 g6 21.Nxf6+ Qxf6 22.
b4 Rfd8 23.f4 exf4 24.Qd2 Qg5 25.Rxf4 f5 26.h4 Qh6 27.Bxf5 Rf8 28.Be6+ 
Nxe6 29.Rxf8+ Qxf8 30.dxe6 Qe7 31.Re1 Rf8 32.b5 Rf6 33.Qg5 Kf8 34.Qh6+ Kg8
35.Re3 Bc8 36.Qg5 Kf8 37.Ne4 Rxe6 38.Rf3+ Kg7 39.Qxe7+ Rxe7 40.Nxd6 Bg4 
41.Rf4 Be6 42.g4 h6 43.Kf2 g5 44.hxg5 hxg5 45.Nf5+ Kf6 46.Rf3 Rc7 47.Nd4+ 
Ke5 48.Nc6+ Kd6 49.Rf6 Rf7 50.Rxf7 Bxf7 51.Nxa7 Bxc4 52.Ke3 1/2-1/2

[Event "12th EUR-ch"]
[Site "Aix-les-Bains FRA"]
[Date "2011.04.01"]
[Round "10.79"]
[White "Diermair, Andreas"]
[Black "Grandelius, Nils"]
[Result "1/2-1/2"]
[WhiteElo "2386"]
[BlackElo "2547"]
[EventDate "2011.03.22"]
[PlyCount "85"]

1.Nf3 Nf6 2.c4 g6 3.g3 Bg7 4.Bg2 O-O 5.d4 d6 6.Nc3 Nbd7 7.O-O c6 8.e4 e5 
9.h3 Qa5 10.Re1 exd4 11.Nxd4 Ne5 12.Bf1 Re8 13.Be3 c5 14.Nb3 Qb4 15.Nd2 
Be6 16.a3 Qb6 17.Rb1 Qd8 18.f4 Nc6 19.Nf3 Na5 20.Nd2 Nh5 21.Bf2 Bd4 22.Qf3
Nc6 23.Nd5 Nf6 24.Bg2 Bxf2+ 25.Qxf2 Bxd5 26.cxd5 Nd4 27.b4 Nc2 28.Rec1 
Nxa3 29.Rb3 cxb4 30.Rxb4 Rc8 31.Rxc8 Qxc8 32.e5 dxe5 33.fxe5 Rxe5 34.Qxf6 
Qc5+ 35.Kh2 Qxb4 36.Qxe5 Qxd2 37.Qe8+ Kg7 38.Qe5+ Kh6 39.Qe7 Nb5 40.Qf8+ 
Kg5 41.Qxf7 Nd4 42.Qe7+ Kh6 43.Qh4+ 1/2-1/2

[Event "12th EUR-ch"]
[Site "Aix-les-Bains FRA"]
[Date "2011.04.01"]
[Round "10.80"]
[White "Mastrovasilis, Athanasios"]
[Black "Potapov, Alexander"]
[Result "1-0"]
[WhiteElo "2547"]
[BlackElo "2425"]
[EventDate "2011.03.22"]
[PlyCount "173"]

1.c4 e5 2.g3 Nc6 3.Nc3 d6 4.Nf3 g6 5.d4 Bg4 6.Bg2 Bxf3 7.Bxf3 exd4 8.Bxc6+
bxc6 9.Qxd4 Qf6 10.Qd3 Bg7 11.c5 d5 12.e4 Qd4 13.Qe2 Ne7 14.Bg5 dxe4 15.
O-O Nd5 16.Rad1 Nxc3 17.bxc3 Qe5 18.Bf4 Qe7 19.Qa6 Qxc5 20.Bxc7 O-O 21.Bd6
Qb6 22.Qxb6 axb6 23.Bxf8 Kxf8 24.Rfe1 Ra4 25.f3 f5 26.fxe4 fxe4 27.Re3 Rc4
28.Rde1 Bxc3 29.Rc1 Bd4 30.Rxc4 Bxe3+ 31.Kg2 Bc5 32.Rxe4 Kf7 33.Kf3 b5 34.
Re1 Ba3 35.Re3 Bb4 36.Rb3 Bd6 37.Rc3 c5 38.Ra3 c4 39.Ra7+ Be7 40.a3 Ke6 
41.Ke4 Kd6 42.g4 Ke6 43.h3 Kd6 44.Rb7 Ke6 45.Rxb5 Bxa3 46.Kd4 Be7 47.g5 
Bf8 48.Rb6+ Kf7 49.Rb7+ Kg8 50.Rb8 Kf7 51.Rb7+ Kg8 52.Ke5 Bg7+ 53.Ke6 Bd4 
54.Rb8+ Kg7 55.Rb7+ Kg8 56.Rb4 Kg7 57.Rxc4 Bb2 58.Rc7+ Kg8 59.Rc2 Bd4 60.
Rc4 Bb2 61.Kd5 Kf7 62.h4 Bg7 63.Rc7+ Kg8 64.Ke4 Bb2 65.Rb7 Bc3 66.Kf4 Bd4 
67.Kg4 Bc5 68.Rb8+ Kg7 69.Rb7+ Kg8 70.h5 gxh5+ 71.Kxh5 Ba3 72.Rb8+ Kg7 73.
Rb7+ Kg8 74.Rd7 Bb4 75.Kg4 Bc3 76.Rb7 Bd4 77.Kf5 Bc3 78.Rb3 Bd4 79.Rb8+ 
Kf7 80.Rd8 Bc3 81.Rd7+ Kg8 82.Kg4 Bb2 83.Rd3 Bg7 84.Kh5 Bf8 85.g6 hxg6+ 
86.Kxg6 Be7 87.Rc3 1-0

[Event "12th EUR-ch"]
[Site "Aix-les-Bains FRA"]
[Date "2011.04.01"]
[Round "10.81"]
[White "Markos, Jan"]
[Black "Terrieux, Kevin"]
[Result "1-0"]
[WhiteElo "2546"]
[BlackElo "2422"]
[EventDate "2011.03.22"]
[PlyCount "85"]

1.d4 e6 2.c4 Nf6 3.Nf3 b6 4.Nc3 Bb4 5.Bg5 Bb7 6.Qc2 h6 7.Bh4 g5 8.Bg3 Ne4 
9.Nd2 Bxc3 10.bxc3 Nxg3 11.hxg3 d6 12.e3 Nd7 13.Rh2 Qf6 14.Bd3 h5 15.Be4 
O-O-O 16.a4 a5 17.Rb1 c5 18.Bxb7+ Kxb7 19.Ke2 Qf5 20.Qxf5 exf5 21.g4 hxg4 
22.Rbh1 Rhg8 23.Rh7 Rdf8 24.R1h6 Kc7 25.Nb1 b5 26.cxb5 Nb6 27.dxc5 dxc5 
28.Rc6+ Kb7 29.Rxc5 f4 30.Rf5 Nxa4 31.exf4 gxf4 32.Rxf4 Re8+ 33.Kd2 Rd8+ 
34.Kc2 Nc5 35.Rhxf7+ Kb8 36.Rc4 Nd3 37.Re4 g3 38.f4 Rh8 39.Re3 Rh1 40.Rxd3
Rxd3 41.Kxd3 Rxb1 42.Kc4 a4 43.Kc5 1-0

[Event "12th EUR-ch"]
[Site "Aix-les-Bains FRA"]
[Date "2011.04.01"]
[Round "10.82"]
[White "Telljohann, Sven"]
[Black "Gozzoli, Yannick"]
[Result "1-0"]
[WhiteElo "2415"]
[BlackElo "2543"]
[EventDate "2011.03.22"]
[PlyCount "85"]

1.Nf3 c5 2.g3 g6 3.Bg2 Bg7 4.O-O Nc6 5.c4 e5 6.Nc3 Nge7 7.Ne1 O-O 8.Nc2 d6
9.Ne3 Be6 10.Ned5 Qd7 11.d3 f5 12.f4 Kh8 13.Rb1 exf4 14.gxf4 Bf7 15.Qd2 
Rae8 16.b3 Bxd5 17.cxd5 Nd8 18.Bb2 Ng8 19.Rbe1 Nf6 20.Nd1 Nf7 21.Bc3 b5 
22.a3 Qd8 23.Bf3 Nd7 24.b4 g5 25.Bxg7+ Kxg7 26.Bh5 gxf4 27.Qxf4 Re5 28.Kh1
Nf6 29.Bxf7 Rxf7 30.bxc5 Rxd5 31.Ne3 dxc5 32.Qg5+ Kf8 33.Nxd5 Qxd5+ 34.e4 
fxe4 35.Rf5 Qc6 36.Rxc5 Qa8 37.dxe4 Nxe4 38.Qd5 Nf2+ 39.Kg2 Qb8 40.Qd4 
Rg7+ 41.Kf1 Ng4 42.Rf5+ Kg8 43.Re2 1-0

[Event "12th EUR-ch"]
[Site "Aix-les-Bains FRA"]
[Date "2011.04.01"]
[Round "10.83"]
[White "Rapport, Richard"]
[Black "Poetsch, Hagen"]
[Result "1-0"]
[WhiteElo "2540"]
[BlackElo "2415"]
[EventDate "2011.03.22"]
[PlyCount "55"]

1.Nf3 d5 2.c4 c6 3.e3 Nf6 4.Nc3 a6 5.d4 b5 6.b3 Bg4 7.h3 Bxf3 8.gxf3 e6 9.
c5 Nbd7 10.f4 Ne4 11.Nxe4 dxe4 12.Bg2 f5 13.f3 Nf6 14.fxe4 Nxe4 15.Bxe4 
fxe4 16.Qh5+ Kd7 17.a4 Qf6 18.axb5 cxb5 19.b4 g6 20.Qe2 Be7 21.Bb2 Rhc8 
22.O-O-O Qf5 23.d5 g5 24.fxg5 Rab8 25.Rhf1 Qxg5 26.Rf7 Ke8 27.Rg7 Qh6 28.
d6 1-0

[Event "12th EUR-ch"]
[Site "Aix-les-Bains FRA"]
[Date "2011.04.01"]
[Round "10.85"]
[White "Vuilleumier, Alexandre"]
[Black "Le Roux, Jean-Pierre"]
[Result "0-1"]
[WhiteElo "2369"]
[BlackElo "2538"]
[EventDate "2011.03.22"]
[PlyCount "70"]

1.e4 e5 2.Nf3 Nc6 3.Bb5 Nf6 4.O-O Nxe4 5.d4 Nd6 6.Bxc6 dxc6 7.dxe5 Nf5 8.
Qxd8+ Kxd8 9.Nc3 Ke8 10.b3 h6 11.Bb2 Be6 12.h3 Bb4 13.Ne4 Bd5 14.Nfd2 Bxd2
15.Nxd2 c5 16.Rfe1 Rd8 17.Ne4 b6 18.Nc3 Bc6 19.Nd1 Rd2 20.Rc1 Ke7 21.Bc3 
Rd7 22.Ne3 Nxe3 23.Rxe3 Rhd8 24.Rce1 Rd1 25.f3 a5 26.Kf2 Rxe1 27.Rxe1 a4 
28.Ke3 h5 29.Kf4 Ke6 30.Kg5 a3 31.Kxh5 b5 32.b4 Kf5 33.Kh4 Kf4 34.g3+ Kf5 
35.g4+ Kf4 0-1

[Event "12th EUR-ch"]
[Site "Aix-les-Bains FRA"]
[Date "2011.04.01"]
[Round "10.86"]
[White "Stella, Andrea"]
[Black "Anisimov, Pavel"]
[Result "1/2-1/2"]
[WhiteElo "2364"]
[BlackElo "2532"]
[EventDate "2011.03.22"]
[PlyCount "68"]

1.d4 Nf6 2.c4 e6 3.g3 c5 4.d5 exd5 5.cxd5 d6 6.Nc3 g6 7.Bg2 Bg7 8.Nf3 O-O 
9.O-O a6 10.a4 Nbd7 11.Bf4 Qe7 12.a5 b5 13.axb6 Nxb6 14.e4 Nfd7 15.Re1 Nc4
16.Bg5 f6 17.Bc1 Nde5 18.Nxe5 Nxe5 19.f4 Nf7 20.Be3 Rb8 21.Qc2 Re8 22.Bf2 
Qb7 23.Ra2 f5 24.Bf1 Qb4 25.Bxa6 Bxa6 26.Rxa6 Qxb2 27.Qxb2 Rxb2 28.Na4 Rd2
29.exf5 Rxe1+ 30.Bxe1 Bd4+ 31.Kh1 Rc2 32.fxg6 hxg6 33.Nb6 Kf8 34.Nc4 Ke8 
1/2-1/2

[Event "12th EUR-ch"]
[Site "Aix-les-Bains FRA"]
[Date "2011.04.01"]
[Round "10.87"]
[White "Apicella, Manuel"]
[Black "Kreisl, Robert"]
[Result "1-0"]
[WhiteElo "2531"]
[BlackElo "2394"]
[EventDate "2011.03.22"]
[PlyCount "87"]

1.c4 e6 2.Nf3 d5 3.b3 Nf6 4.Bb2 Be7 5.g3 O-O 6.Bg2 c5 7.O-O b6 8.cxd5 exd5
9.d4 Na6 10.Ne5 Bb7 11.Nd2 Rc8 12.Rc1 Rc7 13.Nd3 Ne4 14.dxc5 Naxc5 15.Nxc5
Rxc5 16.Rxc5 Bxc5 17.Nf3 b5 18.b4 Be7 19.Nd4 Bf6 20.Qa1 a5 21.Rd1 Re8 22.
Bxe4 Rxe4 23.bxa5 Bxd4 24.Bxd4 Rxe2 25.a6 Bxa6 26.Bxg7 Qb6 27.Bd4 Qe6 28.
Qc1 f6 29.a3 Kf7 30.h4 Kg6 31.Qf4 Bc8 32.h5+ Kxh5 33.Bxf6 Qf5 34.Qh4+ Kg6 
35.Bd4 Qe6 36.Bc3 Qf5 37.Qd4 Re7 38.Qh8 Be6 39.Re1 Qf7 40.Qe5 Qf5 41.Qd4 
Qf7 42.Qb6 h5 43.Re5 h4 44.Qe3 1-0

[Event "12th EUR-ch"]
[Site "Aix-les-Bains FRA"]
[Date "2011.04.01"]
[Round "10.88"]
[White "Muzychuk, Anna"]
[Black "Zawadzka, Jolanta"]
[Result "1-0"]
[WhiteElo "2528"]
[BlackElo "2386"]
[EventDate "2011.03.22"]
[PlyCount "115"]

1.e4 e5 2.Nf3 Nc6 3.Bb5 a6 4.Ba4 Nf6 5.Bxc6 dxc6 6.d3 Nd7 7.Nbd2 Bd6 8.Nc4
O-O 9.O-O Re8 10.b3 c5 11.Bb2 b5 12.Ne3 Nf8 13.a4 Bd7 14.h3 Ng6 15.axb5 
axb5 16.Rxa8 Qxa8 17.h4 Qd8 18.g3 h6 19.Kg2 Qf6 20.Nh2 Qe6 21.Qh5 Ne7 22.
Nhg4 Nc6 23.f4 exf4 24.gxf4 Qg6 25.Qxg6 fxg6 26.f5 gxf5 27.Nxf5 Bxf5 28.
Rxf5 Ne7 29.Rf1 Ng6 30.e5 Be7 31.h5 Nf8 32.Kf3 Ne6 33.Ke4 c6 34.Kf5 Bg5 
35.Ra1 Nc7 36.Ra7 Rf8+ 37.Nf6+ gxf6 38.Rxc7 fxe5+ 39.Ke6 c4 40.Bxe5 Rd8 
41.Kf5 cxd3 42.cxd3 Kf8 43.d4 b4 44.Rxc6 Kf7 45.Rc7+ Kg8 46.Rg7+ Kf8 47.
Rh7 Kg8 48.Rg7+ Kf8 49.Rb7 Bd2 50.Kf6 Bg5+ 51.Kf5 Bd2 52.Bf6 Re8 53.Kg6 
Re2 54.Rb8+ Re8 55.Bg7+ Ke7 56.Rxe8+ Kxe8 57.Bxh6 Bc3 58.Bg7 1-0

[Event "12th EUR-ch"]
[Site "Aix-les-Bains FRA"]
[Date "2011.04.01"]
[Round "10.89"]
[White "Cmilyte, Viktorija"]
[Black "Doros, Radu-Marian"]
[Result "1-0"]
[WhiteElo "2526"]
[BlackElo "2278"]
[EventDate "2011.03.22"]
[PlyCount "69"]

1.d4 Nf6 2.c4 g6 3.Nc3 d5 4.Bf4 Bg7 5.e3 O-O 6.Rc1 c6 7.h3 Be6 8.Qb3 Qb6 
9.Nf3 dxc4 10.Qa3 Nd5 11.Be5 Qb4 12.Qxb4 Nxb4 13.Bxg7 Kxg7 14.Ng5 Bd5 15.
a3 Nd3+ 16.Bxd3 cxd3 17.Nxd5 cxd5 18.Rc7 Nc6 19.Kd2 Rfc8 20.Rxb7 Na5 21.
Rxe7 Kf6 22.Rxf7+ Kxg5 23.h4+ Kh6 24.g4 Rc2+ 25.Kxd3 Rxb2 26.g5+ Kh5 27.
Rxh7+ Kg4 28.Rg1+ Kf5 29.Re7 Rb3+ 30.Ke2 Nc4 31.Kf3 Rb2 32.Kg3 Rb6 33.Rc1 
Re6 34.Rf7+ Ke4 35.Rc3 1-0

[Event "12th EUR-ch"]
[Site "Aix-les-Bains FRA"]
[Date "2011.04.01"]
[Round "10.90"]
[White "Wittmann, Walter"]
[Black "Godena, Michele"]
[Result "1/2-1/2"]
[WhiteElo "2291"]
[BlackElo "2526"]
[EventDate "2011.03.22"]
[PlyCount "44"]

1.e4 Nc6 2.Nf3 e5 3.Bb5 a6 4.Bxc6 dxc6 5.O-O Bg4 6.h3 Bh5 7.g4 Bg6 8.Nxe5 
Qh4 9.Qf3 f6 10.Nxg6 hxg6 11.d4 g5 12.Be3 Ne7 13.Nd2 Ng6 14.Rad1 O-O-O 15.
Qg2 Qxh3 16.Qxh3 Rxh3 17.Kg2 Rh4 18.f3 Bd6 19.Rh1 Bf4 20.Bf2 Rxh1 21.Kxh1 
Rh8+ 22.Kg1 Bxd2 1/2-1/2

[Event "12th EUR-ch"]
[Site "Aix-les-Bains FRA"]
[Date "2011.04.01"]
[Round "10.91"]
[White "Kabanov, Nikolai"]
[Black "Sahitaj, Naim"]
[Result "1-0"]
[WhiteElo "2524"]
[BlackElo "2235"]
[EventDate "2011.03.22"]
[PlyCount "78"]

1.e4 e6 2.d4 d5 3.e5 c5 4.c3 Nc6 5.Nf3 Qb6 6.Be2 f6 7.O-O fxe5 8.dxe5 g6 
9.Ng5 Nxe5 10.f4 Nf7 11.f5 Nxg5 12.Bxg5 Bh6 13.fxg6 hxg6 14.Qa4+ Bd7 15.
Qf4 Rh7 16.Bxh6 O-O-O 17.Bg5 Re8 18.Qe5 Ne7 19.Bxe7 Rhxe7 20.c4 Qc7 21.
Qxc7+ Kxc7 22.Nc3 Bc6 23.Bd3 b5 24.Nxb5+ Bxb5 25.cxb5 c4 26.Bxg6 Rb8 27.b3
c3 28.Rac1 d4 29.Bd3 e5 30.Rfe1 e4 31.Rxe4 Rxe4 32.Bxe4 Re8 33.Bg6 Re6 34.
Rd1 Rd6 35.Bd3 Kb6 36.Re1 Rd8 37.b4 Rc8 38.Re6+ Kb7 39.Re7+ Kb8 1-0

[Event "12th EUR-ch"]
[Site "Aix-les-Bains FRA"]
[Date "2011.04.01"]
[Round "10.92"]
[White "Zakhartsov, Viacheslav"]
[Black "Petrisor, Adrian-Marian"]
[Result "1-0"]
[WhiteElo "2608"]
[BlackElo "2385"]
[EventDate "2011.03.22"]
[PlyCount "63"]

1.d4 Nf6 2.c4 c5 3.d5 e6 4.Nc3 exd5 5.cxd5 d6 6.Nf3 g6 7.Bf4 a6 8.a4 Bg7 
9.h3 O-O 10.e3 Qe7 11.Be2 Nbd7 12.O-O Ne8 13.Re1 Ne5 14.Nd2 Rb8 15.Ra3 Bd7
16.Rb3 Nc7 17.a5 f5 18.Bh2 g5 19.f4 Ng6 20.Nc4 gxf4 21.Bh5 Nb5 22.Bxg6 
hxg6 23.Bxf4 Nxc3 24.Rxc3 Bxc3 25.bxc3 Rf6 26.Bg5 Re8 27.Nb6 Bc8 28.Qa4 
Ref8 29.Qh4 Kg7 30.Bh6+ Kg8 31.Bxf8 Kxf8 32.Qh8+ 1-0

[Event "12th EUR-ch"]
[Site "Aix-les-Bains FRA"]
[Date "2011.04.01"]
[Round "10.93"]
[White "Olivier, Jean-Christophe"]
[Black "Ftacnik, Lubomir"]
[Result "0-1"]
[WhiteElo "2401"]
[BlackElo "2578"]
[EventDate "2011.03.22"]
[PlyCount "66"]

1.e4 c5 2.Nf3 d6 3.d4 cxd4 4.Nxd4 Nf6 5.Nc3 a6 6.Be2 e6 7.Be3 Nc6 8.O-O 
Be7 9.f4 Qc7 10.a4 O-O 11.Qe1 Re8 12.Qg3 Nxd4 13.Bxd4 e5 14.Be3 Kh8 15.f5 
Bd7 16.a5 Bc6 17.Bf3 Rg8 18.Qf2 g6 19.Bg5 gxf5 20.Bxf6+ Bxf6 21.exf5 e4 
22.Nxe4 Bxb2 23.Rab1 Be5 24.Qh4 f6 25.Kh1 Raf8 26.Rfd1 Rg7 27.Rb6 Qd7 28.
g4 Qe7 29.h3 d5 30.Nf2 Bc7 31.Rb3 Qe5 32.Kg2 Qh2+ 33.Kf1 Bg3 0-1

[Event "12th EUR-ch"]
[Site "Aix-les-Bains FRA"]
[Date "2011.04.01"]
[Round "10.94"]
[White "Yakovich, Yuri"]
[Black "Raznikov, Danny"]
[Result "1-0"]
[WhiteElo "2546"]
[BlackElo "2384"]
[EventDate "2011.03.22"]
[PlyCount "99"]

1.d4 Nf6 2.c4 c5 3.d5 b5 4.cxb5 a6 5.bxa6 g6 6.Nc3 Bxa6 7.g3 d6 8.Bg2 Bg7 
9.Nf3 Nbd7 10.Rb1 O-O 11.O-O Qa5 12.Qc2 Nb6 13.Rd1 Nfd7 14.Bg5 Nc4 15.Rdc1
h6 16.Bf4 Rfb8 17.h4 Nde5 18.Nxe5 Nxe5 19.b3 c4 20.Bd2 cxb3 21.axb3 Qb6 
22.Be1 Rc8 23.b4 Bb5 24.Qd1 Bd7 25.Na4 Qb5 26.Rxc8+ Rxc8 27.Nc3 Qb6 28.Qb3
Ng4 29.Nd1 Bb5 30.e3 Ne5 31.Bc3 Be2 32.Bd4 Qb7 33.Bxe5 Bxe5 34.b5 Rc5 35.
b6 Rb5 36.Qxb5 Bxb5 37.Rxb5 Kf8 38.Nb2 Bxb2 39.Rxb2 Ke8 40.e4 Kd8 41.Bh3 
Qa6 42.Kh2 Qb7 43.Bg4 h5 44.Bh3 Ke8 45.Bf1 Kd8 46.Ba6 Qb8 47.b7 e5 48.Rc2 
Qa7 49.Rc8+ Kd7 50.b8=Q 1-0

[Event "12th EUR-ch"]
[Site "Aix-les-Bains FRA"]
[Date "2011.04.01"]
[Round "10.95"]
[White "Antal, Gergely"]
[Black "Miedema, David"]
[Result "1/2-1/2"]
[WhiteElo "2545"]
[BlackElo "2380"]
[EventDate "2011.03.22"]
[PlyCount "94"]

1.e4 c6 2.d4 d5 3.exd5 cxd5 4.c4 Nf6 5.Nc3 Nc6 6.c5 e5 7.dxe5 Ng4 8.Be2 
Bxc5 9.Nh3 Ngxe5 10.Qxd5 Qxd5 11.Nxd5 Bxh3 12.gxh3 O-O-O 13.Ne3 Nd4 14.Kf1
f5 15.b4 Nxe2 16.bxc5 Nxc1 17.Rxc1 Rd2 18.Kg2 Rhd8 19.Nxf5 Rf8 20.Nd6+ Kc7
21.Ne4 Rxa2 22.Rhf1 Rf4 23.Nc3 Raxf2+ 24.Rxf2 Rxf2+ 25.Kxf2 Nd3+ 26.Ke3 
Nxc1 27.Kd4 Kc6 28.Kc4 b6 29.cxb6 Kxb6 30.Ne4 Ka5 31.Nc3 Kb6 32.Ne4 Ne2 
33.Ng5 h6 34.Ne6 g5 35.Nd8 h5 36.Nf7 Ka5 37.Nxg5 Ka4 38.Ne4 Nf4 39.h4 Ne6 
40.Nc3+ Ka5 41.Ne4 a6 42.Ng3 Ng7 43.Kb3 Kb5 44.Ka3 Ka5 45.Ne4 Ne6 46.Nd6 
Nd4 47.Ne4 Ne6 1/2-1/2

[Event "12th EUR-ch"]
[Site "Aix-les-Bains FRA"]
[Date "2011.04.01"]
[Round "10.96"]
[White "Conquest, Stuart"]
[Black "Milliet, Sophie"]
[Result "1/2-1/2"]
[WhiteElo "2529"]
[BlackElo "2369"]
[EventDate "2011.03.22"]
[PlyCount "77"]

1.c4 Nf6 2.Nc3 c5 3.g3 e6 4.Nf3 b6 5.Bg2 Bb7 6.O-O Be7 7.Re1 d5 8.cxd5 
Nxd5 9.e4 Nb4 10.d4 cxd4 11.Nxd4 N8c6 12.Nxc6 Qxd1 13.Rxd1 Bxc6 14.Bf4 g5 
15.Bd6 Rd8 16.e5 Bxg2 17.Kxg2 Bxd6 18.exd6 f5 19.Rac1 Kd7 20.Nb5 Rc8 21.
Rc7+ Rxc7 22.dxc7+ Nd5 23.Nxa7 Kxc7 24.Nb5+ Kd7 25.Nd4 Rf8 26.Re1 Rf6 27.
a3 g4 28.h3 h5 29.b4 Kd6 30.Nb5+ Kc6 31.Nd4+ Kd6 32.Rc1 e5 33.Nb5+ Kd7 34.
Rd1 Ke6 35.hxg4 hxg4 36.Rc1 Kd7 37.Rd1 Ke6 38.Rc1 Kd7 39.Rd1 1/2-1/2

[Event "12th EUR-ch"]
[Site "Aix-les-Bains FRA"]
[Date "2011.04.01"]
[Round "10.98"]
[White "Kadric, Denis"]
[Black "Jansa, Vlastimil"]
[Result "1/2-1/2"]
[WhiteElo "2379"]
[BlackElo "2513"]
[EventDate "2011.03.22"]
[PlyCount "46"]

1.e4 c5 2.Nf3 e6 3.d4 cxd4 4.Nxd4 Nc6 5.Nc3 a6 6.Nxc6 bxc6 7.e5 Qc7 8.Qe2 
Ne7 9.f4 Bb7 10.Ne4 Nf5 11.Bd2 c5 12.O-O-O Rb8 13.g3 Qb6 14.Bc3 c4 15.Bg2 
Bb4 16.Bxb4 Qxb4 17.Qd2 Bc6 18.Qxb4 Rxb4 19.Nd6+ Nxd6 20.Bxc6 dxc6 21.Rxd6
O-O 22.Re1 c3 23.b3 a5 1/2-1/2

[Event "12th EUR-ch"]
[Site "Aix-les-Bains FRA"]
[Date "2011.04.01"]
[Round "10.99"]
[White "Gallagher, Joseph"]
[Black "Buchal, Stephan"]
[Result "1/2-1/2"]
[WhiteElo "2500"]
[BlackElo "2337"]
[EventDate "2011.03.22"]
[PlyCount "82"]

1.e4 g6 2.d4 Bg7 3.Nc3 d6 4.f4 a6 5.Nf3 b5 6.Bd3 Nd7 7.e5 c5 8.Be4 Rb8 9.
O-O cxd4 10.Nxd4 dxe5 11.Nc6 Qb6+ 12.Kh1 Ngf6 13.Nxb8 Qxb8 14.fxe5 Nxe5 
15.Bf4 O-O 16.Bf3 Nfd7 17.Qe2 e6 18.Rad1 Qb6 19.Ne4 Bb7 20.Rd6 Qa7 21.Rfd1
Bd5 22.Nc3 Bc4 23.Qe4 f5 24.Qb7 Qxb7 25.Bxb7 Nc5 26.Bxa6 Ng4 27.Bxb5 Bxb5 
28.Nxb5 Nf2+ 29.Kg1 Nxd1 30.b4 Nc3 31.Nxc3 Bxc3 32.bxc5 e5 33.Bh6 Rc8 34.
c6 Kf7 35.Bg5 Bb4 36.Rf6+ Kg7 37.Re6 e4 38.Kf1 Kf7 39.Rf6+ Kg7 40.Re6 Kf7 
41.Rf6+ Kg7 1/2-1/2

[Event "12th EUR-ch"]
[Site "Aix-les-Bains FRA"]
[Date "2011.04.01"]
[Round "10.100"]
[White "Stern, Rene"]
[Black "Maevsky, Nikolay"]
[Result "1/2-1/2"]
[WhiteElo "2497"]
[BlackElo "2342"]
[EventDate "2011.03.22"]
[PlyCount "52"]

1.d4 Nf6 2.c4 e6 3.Nc3 Bb4 4.Bd2 O-O 5.Nf3 c5 6.dxc5 Bxc5 7.g3 Qb6 8.e3 
Qc7 9.Bg2 Be7 10.Qe2 d6 11.O-O Nbd7 12.Rfd1 a6 13.Nd4 Ne5 14.b3 Bd7 15.
Rac1 Rac8 16.Ne4 Neg4 17.Nc3 Ne5 18.Ne4 Neg4 19.Nc3 Rfe8 20.e4 Qb8 21.h3 
Ne5 22.Be3 Nc6 23.Nf3 Ne5 24.Nd4 Nc6 25.Nf3 Ne5 26.Nd4 Nc6 1/2-1/2

[Event "12th EUR-ch"]
[Site "Aix-les-Bains FRA"]
[Date "2011.04.02"]
[Round "11.2"]
[White "Wojtaszek, Radoslaw"]
[Black "Svidler, Peter"]
[Result "1/2-1/2"]
[WhiteElo "2711"]
[BlackElo "2730"]
[EventDate "2011.03.22"]
[PlyCount "44"]

1.d4 Nf6 2.c4 g6 3.Nf3 Bg7 4.g3 c5 5.Bg2 O-O 6.O-O cxd4 7.Nxd4 d5 8.cxd5 
Nxd5 9.Nb5 Be6 10.Nd4 Bc8 11.Nc3 Nxc3 12.bxc3 Qc7 13.Qb3 Nc6 14.Nxc6 bxc6 
15.Bf4 Qa5 16.Bxc6 Be6 17.Qb4 Qxb4 18.cxb4 Bxa1 19.Bxa8 Bc3 20.Bf3 Bxb4 
21.Rc1 Bxa2 22.Ra1 Be6 1/2-1/2

[Event "12th EUR-ch"]
[Site "Aix-les-Bains FRA"]
[Date "2011.04.02"]
[Round "11.4"]
[White "Vallejo Pons, Francisco"]
[Black "Mamedov, Rauf"]
[Result "1/2-1/2"]
[WhiteElo "2707"]
[BlackElo "2667"]
[EventDate "2011.03.22"]
[PlyCount "37"]

1.e4 c5 2.Nf3 Nc6 3.c3 Nf6 4.e5 Nd5 5.Bc4 Nb6 6.Bb3 c4 7.Bc2 Qc7 8.Qe2 g5 
9.h3 Bg7 10.O-O Nxe5 11.Nxg5 h6 12.Nf3 d6 13.a4 Bd7 14.Na3 Nxf3+ 15.Qxf3 
Bc6 16.Qg4 Be5 17.d4 cxd3 18.Bxd3 h5 19.Qe2 1/2-1/2

[Event "12th EUR-ch"]
[Site "Aix-les-Bains FRA"]
[Date "2011.04.02"]
[Round "11.5"]
[White "Moiseenko, Alexander"]
[Black "McShane, Luke"]
[Result "1-0"]
[WhiteElo "2673"]
[BlackElo "2683"]
[EventDate "2011.03.22"]
[PlyCount "75"]

1.d4 Nf6 2.c4 g6 3.Nc3 Bg7 4.e4 O-O 5.Bd3 Nc6 6.Nge2 e5 7.d5 Nd4 8.Nxd4 
exd4 9.Ne2 c5 10.O-O d6 11.Bg5 Re8 12.f3 h6 13.Bd2 Nd7 14.f4 Nf6 15.Qc2 
Bd7 16.a4 h5 17.h3 Qe7 18.e5 dxe5 19.fxe5 Qxe5 20.Bf4 Qe7 21.Bg5 Qd6 22.
Bxf6 Bxf6 23.Bxg6 Rxe2 24.Bh7+ Kg7 25.Qxe2 Kxh7 26.Ra3 Re8 27.Qxh5+ Kg7 
28.Raf3 Rh8 29.Rxf6 Rxh5 30.Rxd6 Bxa4 31.Rdf6 Be8 32.d6 Kf8 33.R1f5 Rh4 
34.Rxc5 Bc6 35.Rcf5 Rh7 36.Rf4 Rg7 37.g4 d3 38.Rd4 1-0

[Event "12th EUR-ch"]
[Site "Aix-les-Bains FRA"]
[Date "2011.04.02"]
[Round "11.7"]
[White "Jakovenko, Dmitry"]
[Black "Parligras, Mircea-Emilian"]
[Result "1-0"]
[WhiteElo "2718"]
[BlackElo "2598"]
[EventDate "2011.03.22"]
[PlyCount "73"]

1.c4 Nf6 2.Nc3 e6 3.Nf3 Bb4 4.Qc2 O-O 5.a3 Bxc3 6.Qxc3 d6 7.e3 e5 8.d3 Nc6
9.b4 Bg4 10.Bb2 Re8 11.Be2 a6 12.h3 Bh5 13.O-O Qd7 14.Rac1 h6 15.Kh2 Nd8 
16.Rg1 Ne6 17.g4 Bg6 18.Nh4 Bh7 19.Rg2 d5 20.Qxe5 dxc4 21.dxc4 Qd2 22.Bf3 
Ng5 23.Qd4 Qxd4 24.Bxd4 Nxf3+ 25.Nxf3 Ne4 26.g5 h5 27.Nh4 Nd2 28.Rd1 Nxc4 
29.g6 fxg6 30.Nxg6 Rad8 31.Nf4 Ne5 32.Nxh5 Bg6 33.Nxg7 Nf3+ 34.Kg3 Re7 35.
Nf5 Bxf5 36.Kxf3+ Kh7 37.Rg5 1-0